000 00550nam a2200193 a 4500
003 DO-SdBNP
005 20220908124143.0
007 ta
008 091007s1948 ag 000 spa d
040 _aDO-SdBNP
_bspa
_cBNPHU
082 _axxx
_bM516c
100 _aMejía, Francisco R
_d1847-1893
_914832
245 1 0 _aCuadros bucolicos y otros poemas. /
_cFrancisco R. Mejía
260 _aBuenos Aires, Argentina :
_bPedro Goyena,
_c1948.
300 _a149 p.
_c21 cm.
590 _aInventariado, 2022/ YL
910 _aYLockward
942 _2ddc
_cLBS1
999 _c10154
_d10154